北京地铁7号线地铁站 - Statistics

General Stats
  • This quiz has been taken 15 times
  • The average score is 20 of 30
Answer Stats
Transfers Stations % Correct
9号线 北京西站
100%
八通线 环球度假区
92%
湾子
85%
16号线 达官营
85%
4号线 菜市口
85%
8号线 珠市口
85%
5号线 磁器口
85%
焦化厂
85%
广渠门内
77%
广渠门外
77%
10号线 双井
77%
14号线 九龙山
77%
八通线 花庄
77%
19号线(牛街) 广安门内
69%
大郊亭
69%
欢乐谷景区
69%
垡头
69%
高楼金
69%
虎坊桥
62%
百子湾
62%
化工
62%
南楼梓庄
62%
黄厂
54%
黑庄户
54%
万盛西
54%
万盛东
54%
桥湾
46%
双合
46%
郎辛庄
31%
群芳
31%
No matching quizzes found
Score Distribution
Percent of People with Each Score
Percentile by Number Answered
Your Score History
You have not taken this quiz